<?xml version="1.0" encoding="UTF-8"?>
<record
    xmlns:xsi="http://www.w3.org/2001/XMLSchema-instance"
    xsi:schemaLocation="http://www.loc.gov/MARC21/slim http://www.loc.gov/standards/marcxml/schema/MARC21slim.xsd"
    xmlns="http://www.loc.gov/MARC21/slim">

  <leader>01298na  a2200361   4500</leader>
  <controlfield tag="001">15258</controlfield>
  <controlfield tag="003">MIRAKIL</controlfield>
  <controlfield tag="005">20181213154838.0</controlfield>
  <controlfield tag="008">161005b        tu            000 0      </controlfield>
  <datafield tag="020" ind1=" " ind2=" ">
    <subfield code="a">9786054274352</subfield>
  </datafield>
  <datafield tag="035" ind1=" " ind2=" ">
    <subfield code="a">15258</subfield>
  </datafield>
  <datafield tag="040" ind1=" " ind2=" ">
    <subfield code="a">Milas</subfield>
    <subfield code="b">tur</subfield>
    <subfield code="c">TR-AnCHP</subfield>
  </datafield>
  <datafield tag="041" ind1=" " ind2=" ">
    <subfield code="a">tur</subfield>
  </datafield>
  <datafield tag="082" ind1=" " ind2=" ">
    <subfield code="a">CHP 320</subfield>
    <subfield code="b">U38a 2013</subfield>
  </datafield>
  <datafield tag="090" ind1=" " ind2=" ">
    <subfield code="a">CHP 320 U38a 2013</subfield>
  </datafield>
  <datafield tag="110" ind1=" " ind2=" ">
    <subfield code="a">Mumcu, U&#x11F;ur</subfield>
  </datafield>
  <datafield tag="245" ind1=" " ind2=" ">
    <subfield code="a">Adalet ve demokrasi</subfield>
    <subfield code="c">U&#x11F;ur Mumcu ; [&#xF6;ns&#xF6;z Kemal K&#x131;l&#x131;&#xE7;daro&#x11F;lu]</subfield>
  </datafield>
  <datafield tag="260" ind1=" " ind2=" ">
    <subfield code="a">Ankara</subfield>
    <subfield code="b">Um:ag Vakf&#x131; Yay&#x131;nlar&#x131;</subfield>
    <subfield code="c">2013</subfield>
  </datafield>
  <datafield tag="300" ind1=" " ind2=" ">
    <subfield code="a">124 s.</subfield>
    <subfield code="b">res.</subfield>
    <subfield code="c">19 sm.</subfield>
  </datafield>
  <datafield tag="440" ind1=" " ind2=" ">
    <subfield code="a">U&#x11F;ur Mumcu Ara&#x15F;t&#x131;rmac&#x131; Gazetecilik Vakf&#x131; Yay&#x131;nlar&#x131;</subfield>
    <subfield code="v">135</subfield>
  </datafield>
  <datafield tag="490" ind1=" " ind2=" ">
    <subfield code="a">Se&#xE7;meler dizisi</subfield>
    <subfield code="v">9</subfield>
  </datafield>
  <datafield tag="500" ind1=" " ind2=" ">
    <subfield code="a">Kitap, Cumhuriyet Gazetesi'ndeki U&#x11F;ur Mumcu yaz&#x131;lar&#x131;n&#x131;n se&#xE7;melerinden olu&#x15F;mu&#x15F;tur</subfield>
  </datafield>
  <datafield tag="500" ind1=" " ind2=" ">
    <subfield code="a">Kitap, CHP taraf&#x131;ndan U&#x11F;ur Mumcu an&#x131;s&#x131;na haz&#x131;rlanm&#x131;&#x15F;t&#x131;r.  </subfield>
  </datafield>
  <datafield tag="600" ind1=" " ind2=" ">
    <subfield code="a">Mumcu, U&#x11F;ur</subfield>
    <subfield code="d">1942 - 1993</subfield>
    <subfield code="x">Siyasal ve sosyal g&#xF6;r&#xFC;&#x15F;ler</subfield>
    <subfield code="y">Se&#xE7;kiler</subfield>
  </datafield>
  <datafield tag="600" ind1=" " ind2=" ">
    <subfield code="a">Mumcu, U&#x11F;ur</subfield>
    <subfield code="x">Anma</subfield>
  </datafield>
  <datafield tag="610" ind1=" " ind2=" ">
    <subfield code="a">CHP</subfield>
    <subfield code="x">Adalete ve Demokrasi Haftas&#x131;</subfield>
    <subfield code="y">U&#x11F;ur Mumcu An&#x131;s&#x131;na</subfield>
  </datafield>
  <datafield tag="650" ind1=" " ind2=" ">
    <subfield code="a">Demokrasi</subfield>
    <subfield code="x">Gazete yaz&#x131;lar&#x131;</subfield>
  </datafield>
  <datafield tag="650" ind1=" " ind2=" ">
    <subfield code="a">Adalet</subfield>
    <subfield code="x">Gazete yaz&#x131;lar&#x131;</subfield>
  </datafield>
  <datafield tag="650" ind1=" " ind2=" ">
    <subfield code="a">T&#xFC;rk ayd&#x131;nlar&#x131;</subfield>
    <subfield code="x">Gazete yaz&#x131;lar&#x131;</subfield>
  </datafield>
  <datafield tag="700" ind1=" " ind2=" ">
    <subfield code="a">K&#x131;l&#x131;&#xE7;daro&#x11F;lu, Kemal</subfield>
  </datafield>
  <datafield tag="811" ind1=" " ind2=" ">
    <subfield code="a">CHP U&#x11F;ur Mumcu An&#x131;s&#x131;na</subfield>
  </datafield>
  <datafield tag="942" ind1=" " ind2=" ">
    <subfield code="2">dcc</subfield>
    <subfield code="c">BKS</subfield>
  </datafield>
  <datafield tag="952" ind1=" " ind2=" ">
    <subfield code="5">1</subfield>
    <subfield code="a">0001</subfield>
    <subfield code="b">0001</subfield>
    <subfield code="d">2016-09-07</subfield>
    <subfield code="e">2</subfield>
    <subfield code="l">0</subfield>
    <subfield code="o">CHP 320 U38a 2013</subfield>
    <subfield code="p">003316</subfield>
    <subfield code="r">2016-09-07 00:00:00</subfield>
    <subfield code="w">2016-09-07</subfield>
    <subfield code="y">BKS</subfield>
  </datafield>
  <datafield tag="952" ind1=" " ind2=" ">
    <subfield code="5">1</subfield>
    <subfield code="a">0001</subfield>
    <subfield code="b">0001</subfield>
    <subfield code="d">2016-09-07</subfield>
    <subfield code="e">2</subfield>
    <subfield code="l">0</subfield>
    <subfield code="o">CHP 320 U38a 2013</subfield>
    <subfield code="p">003317</subfield>
    <subfield code="r">2016-09-07 00:00:00</subfield>
    <subfield code="t">k.2</subfield>
    <subfield code="w">2016-09-07</subfield>
    <subfield code="y">BKS</subfield>
  </datafield>
  <datafield tag="952" ind1=" " ind2=" ">
    <subfield code="a">0001</subfield>
    <subfield code="b">0001</subfield>
    <subfield code="d">2016-09-07</subfield>
    <subfield code="e">2</subfield>
    <subfield code="l">1</subfield>
    <subfield code="o">CHP 320 U38a 2013</subfield>
    <subfield code="p">003318</subfield>
    <subfield code="r">2021-01-27 00:00:00</subfield>
    <subfield code="s">2021-01-27</subfield>
    <subfield code="t">k.3</subfield>
    <subfield code="w">2016-09-07</subfield>
    <subfield code="y">BKS</subfield>
  </datafield>
  <datafield tag="999" ind1=" " ind2=" ">
    <subfield code="c">1898</subfield>
    <subfield code="d">1898</subfield>
  </datafield>
</record>
